| 000 | 00985nam a22002771 4500 | ||
|---|---|---|---|
| 001 | 29022 | ||
| 003 | BD-RjUL | ||
| 005 | 20211209051348.0 | ||
| 008 | 140402s1942 nyuaf b 001 0 eng | ||
| 035 | _a(BD-RjUL)29107 | ||
| 040 |
_aDLC/ICU _cICU _dDLC _beng |
||
| 041 | _aeng | ||
| 082 | 0 | 0 |
_a660 _bROR V-2 1942 |
| 100 | 1 |
_aRogers, Allen, _d1876-1938, _988652 |
|
| 245 | 1 | 0 |
_aRogers' Industrial chemistry : _ba manual for the student and manufacturer / _cClifford Cook Furnas; Allen Rogers _nVol. 2 |
| 250 | _a6th ed. | ||
| 260 |
_aNew York : _bD. Van Nostrand company, inc., _c1942. |
||
| 300 |
_aviii, 881-1721 p. : _bill. ; _c24 cm. |
||
| 500 | _aOn spine: Rogers Manual of industrial chemistry. | ||
| 500 | _aPaged continuously. | ||
| 504 | _a"Reading list" at end of most of the chapters. Bibliographical footnotes. | ||
| 650 | 0 |
_aChemistry, Technical. _988653 |
|
| 700 | 1 |
_aFurnas, C. C. _q(Clifford Cook), _d1900-1969, _948413 |
|
| 942 |
_2ddc _cBK |
||
| 999 |
_c29022 _d29022 |
||